[Event "8th HDBank Cup 2018"]
[Site "Hanoi"]
[Date "2018.03.11"]
[Round "3"]
[White "Krysa, Leandro"]
[Black "Karavade, Eesha"]
[Result "1-0"]
[WhiteElo "2548"]
[BlackElo "2391"]
[Annotator "TA"]
[PlyCount "133"]
[EventDate "2018.??.??"]
[EventCountry "VIE"]
[SourceTitle "playchess.com"]
[Source "ChessBase"]
[SourceQuality "1"]

{[%evp 15,133,2,10,-5,0,-17,-12,-21,-19,-28,-10,-14,-10,-10,-21,-16,0,0,0,0,0,-2,0,-24,-18,-19,-13,-18,-12,-17,-8,-15,-15,-15,-19,-13,11,-11,-6,-30,-24,-11,-20,-25,0,0,6,2,10,0,0,0,0,0,19,11,11,11,11,0,12,0,13,15,14,0,0,0,0,0,0,0,0,-16,14,14,12,11,46,60,76,76,106,80,106,0,96,0,106,91,137,150,179,177,179,179,179,179,179,179,165,136,796,742,1297,1268,1242,1179,1179,591,12025,12059,29966,7209,29966,0,29967,29968,29963,29968]} 1. d4 Nf6 2. c4 e6 3. Nf3 d5 4. Nc3 Bb4 5. cxd5 exd5 6. Bg5 h6 7. Bh4 Bf5 {D38: Queen's Gambit Declined: Ragozin Defence (4 Nf3 Bb4)} 8. e3 Nbd7 {LiveBook: 8 Games} 9. Rc1 $146 ({Predecessor:} 9. Qb3 Ba5 10. Be2 c6 11. O-O Qb6 12. Nd2 O-O 13. Rfc1 Rfe8 14. a3 Qxb3 15. Nxb3 {½-½ (68) Wang,Y (2718)-Wojtaszek,R (2727) Huaian 2016}) 9... c6 {The position is equal.} 10. Nd2 O-O 11. Qb3 Qb6 12. Be2 Bd6 13. O-O Rfe8 14. Bg3 Bxg3 15. hxg3 Ne4 16. Ncxe4 Bxe4 17. Rc3 Nf6 18. Rfc1 Bf5 19. Qa3 Qc7 20. b4 a6 21. Qb2 Qd6 22. a4 Rec8 23. Bd1 g6 24. Bc2 Bxc2 25. R3xc2 Re8 26. Ra1 Kg7 27. Rc5 h5 28. b5 cxb5 29. axb5 Rh8 30. bxa6 bxa6 31. Nf3 Rhb8 32. Qc2 Rb6 33. Ne5 {[#] Rc7 is the strong threat.} Ra7 34. Rc1 (34. Nd3 {looks sharper.} Rab7 35. Qd1 Rb5 36. Rc2 a5 37. Qe1) 34... Nd7 35. Nxd7 Rxd7 36. Qa2 Qe6 37. Rc8 Rdd6 38. Qa4 Rb2 39. Qa3 Rbb6 40. Qc3 Qf5 41. Qc2 (41. Qc5 {keeps more tension.} Qf6 42. Qc7 Rb2 43. Rc2 Rxc2 44. Qxc2 Rd8 45. Rc6) 41... Qxc2 42. R8xc2 $11 {[%mdl 4096] Endgame KRR-KRR} Kf6 43. Kf1 Ke6 44. Ke2 Rb3 45. Kf3 Rb5 46. Rc7 Rbb6 47. g4 hxg4+ 48. Kxg4 Rb2 49. Kg3 Rbb6 50. Kg4 Rb2 $1 51. Kg3 Rbb6 $1 52. R1c2 Rb8 53. Ra7 f6 54. Kg4 Rbd8 55. Rcc7 {[%csl Ga7][%cal Rc7e7]} R8d7 56. Rxd7 Rxd7 57. Rxa6+ $18 {KR-KR} Kf7 58. Kf4 Ke7 $2 {[%mdl 8192] [#]} (58... Rb7 $16 59. g4 Rb2) 59. g4 $1 {[%cal Rg4g5]} Rb7 60. g5 fxg5+ 61. Kxg5 Rb2 62. Rf6 Re2 63. Kxg6 Rd2 64. Rf4 (64. Rf5 $142 Kd6 65. f4 Rf2 66. Re5 Rg2+ 67. Kf7 Rg4 68. f5 Rh4 69. f6) 64... Ke6 65. Rf6+ Ke7 66. Rf5 Kd6 67. f4 {Precision: White = 52%, Black = 39%.} 1-0

[Event "8th HDBank Cup 2018"]
[Site "Hanoi"]
[Date "2018.03.11"]
[Round "3"]
[White "Deepan, Chakkravarthy J."]
[Black "Lu Chan Hung"]
[Result "1/2-1/2"]
[WhiteElo "2520"]
[BlackElo "2181"]
[Annotator "TA"]
[PlyCount "65"]
[EventDate "2018.??.??"]
[EventCountry "VIE"]
[SourceTitle "playchess.com"]
[Source "ChessBase"]
[SourceQuality "1"]

{[%evp 17,65,-24,-20,-29,-31,-38,14,31,33,12,64,55,77,58,68,49,51,60,58,52,125,87,83,72,66,39,107,106,94,-2,70,0,0,0,0,-15,0,0,0,0,0,0,0,0,0,0,0,0,0,0]} 1. Nf3 c5 2. g3 g6 3. Bg2 Bg7 4. O-O Nc6 5. d3 d6 6. c3 Nf6 7. e4 O-O 8. Nbd2 e5 9. a4 h6 10. Rb1 {A05: Réti Opening: 1 Nf3 Nf6} (10. Nc4 Be6 11. Qe2 Qc7 12. Nfd2 Rad8 13. a5 d5 14. exd5 Nxd5 15. Ne4 b6 16. axb6 axb6 17. Re1 Qd7 18. Na3 Bg4 19. Qc2 {½-½ (50) Amin,B (2652)-Robson,R (2613) Antalya 2013}) 10... Be6 11. b4 {[%cal Bb2b4,Bb4b5][%mdl 32]} Qd7 $146 (11... cxb4 $15 12. cxb4 a6) ({Predecessor:} 11... cxb4 12. cxb4 Rc8 13. b5 Na5 14. Ba3 Re8 15. h3 b6 16. Bb4 Nh5 17. Rc1 Nb7 {1-0 (37) Haub,T (2407)-Ledger,D (2244) Teplice 2015}) 12. b5 $11 Ne7 13. d4 Ne8 (13... exd4 $11 14. cxd4 d5) 14. Qe2 $14 Bh3 15. dxc5 Bxg2 16. Kxg2 dxc5 17. Nc4 Qe6 18. Rd1 b6 (18... Nc8 $14) 19. a5 f5 20. exf5 Rxf5 21. Ra1 Rb8 (21... Nd5 $1 $14 22. Bd2 (22. axb6 $2 Nxc3 23. Ra6 Qf7 $19) 22... bxa5) 22. axb6 $16 axb6 23. g4 ({Better is} 23. Re1 $16) 23... Rf8 (23... Rxf3 $1 $11 24. Kxf3 Nd5) 24. Nfxe5 (24. Ncxe5 $14 Nd6 25. Qa2) 24... Nd5 $11 {The position is equal.} 25. Qd3 Nec7 $1 26. Ra7 Bxe5 27. Nxe5 Qxe5 28. Qxg6+ Kh8 29. Qxh6+ Kg8 {[#] Threatens to win with ...Qe4+.} 30. Qg6+ Kh8 31. Qh6+ Kg8 {And now ...Qe4+ would win.} 32. Qg6+ Kh8 33. Qh6+ {Precision: White = 49%, Black = 37%.} 1/2-1/2

[Event "8th HDBank Cup 2018"]
[Site "Hanoi"]
[Date "2018.03.11"]
[Round "3"]
[White "Saduakassova Dinara"]
[Black "Abhishek, Kelkar"]
[Result "1-0"]
[WhiteElo "2479"]
[BlackElo "2370"]
[Annotator "TA"]
[PlyCount "59"]
[EventDate "2018.??.??"]
[EventCountry "VIE"]
[SourceTitle "playchess.com"]
[Source "ChessBase"]
[SourceQuality "1"]

{[%evp 17,59,22,61,-3,-9,-15,0,-7,-7,-86,-37,-29,-22,-41,-34,-59,-37,-62,-56,-77,-49,-40,-27,-55,0,0,46,0,494,499,499,493,481,487,872,864,1118,1126,1082,812,1041,881,1205,1177]} 1. d4 d5 2. c4 c6 3. Nf3 Nf6 4. e3 Bf5 5. Nc3 e6 6. Nh4 Bg6 7. Be2 {D12: Slav Defence: 3 Nf3 Nf6 4 e3 Bf5} Nbd7 8. O-O Bd6 9. h3 Qe7 {LiveBook: 3 Games} 10. f4 $146 (10. c5 $14 Bc7 11. Nxg6 hxg6 12. b4) ({Predecessor:} 10. Bd2 dxc4 11. Nxg6 hxg6 12. Bxc4 Nb6 13. Bb3 e5 14. a4 a5 {½-½ (44) Georgiev,K (2624)-Motylev,A (2656) Tallinn 2016}) 10... Ne4 $11 11. Nxg6 hxg6 12. Nxe4 dxe4 13. d5 (13. b4 $11 {keeps the balance.}) 13... exd5 14. cxd5 c5 15. Bd2 g5 16. Bc3 O-O-O 17. Bg4 gxf4 18. exf4 {[%cal Be3f4,Bf4f5,Bf5f6][%mdl 32]} Rhe8 19. Ba5 b6 20. Bc3 g6 ({Better is} 20... Kb8 $15) 21. f5 $36 {[%mdl 2048] [#] fxg6 is the strong threat. White has the initiative.} e3 22. Qa4 {And now Qc6+ would win.} Kb8 $2 {[%mdl 8192]} (22... gxf5 $11 23. Rxf5 Kb8) 23. f6 $18 {White is clearly winning.} Qe4 24. Bxd7 e2 25. Rf3 c4 (25... Qxa4 $142 26. Bxa4 Re4) 26. Bxe8 Rxe8 27. Qd7 Bc5+ 28. Kh1 g5 29. d6 {[#] Threatens to win with Qc7+.} Ka8 30. Re1 {Precision: White = 38%, Black = 42%.} 1-0

[Event "8th HDBank Cup 2018"]
[Site "Hanoi"]
[Date "2018.03.11"]
[Round "3"]
[White "Dao, Thien Hai"]
[Black "Gara Ticia"]
[Result "1/2-1/2"]
[WhiteElo "2474"]
[BlackElo "2357"]
[Annotator "TA"]
[PlyCount "85"]
[EventDate "2018.??.??"]
[EventCountry "VIE"]
[SourceTitle "playchess.com"]
[Source "ChessBase"]
[SourceQuality "1"]

{[%evp 18,85,-15,-10,7,0,0,0,0,0,31,25,33,32,41,36,43,44,44,42,49,42,42,42,63,42,42,42,55,42,42,42,44,45,45,49,50,33,37,33,42,42,42,42,42,31,48,19,22,15,22,9,25,8,8,8,8,8,8,8,54,62,62,62,344,8,344,344,344,344]} 1. d4 Nf6 2. c4 g6 3. Nc3 d5 4. Bg5 Bg7 5. Bxf6 Bxf6 6. cxd5 c6 7. dxc6 {D80: Grünfeld: Unusual White 4th moves and 4 Bg5} (7. e4 O-O 8. Nf3 cxd5 9. e5 Bg7 10. Qd2 Nc6 11. Bb5 Bg4 12. Ng1 f6 13. h3 Be6 14. exf6 Rxf6 15. Bxc6 bxc6 {½-½ (77) Nakamura,H (2792)-Kasparov,G (2812) Saint Louis 2017}) 7... Bxd4 8. cxb7 Bxb7 9. e3 Bxc3+ 10. bxc3 {LiveBook: 6 Games} Qc7 11. Rc1 $146 ({Predecessor:} 11. Bb5+ Kf8 12. Nf3 Qxc3+ 13. Kf1 Kg7 14. Rc1 Qb4 {0-1 (42) Kayonde,A (2394)-Makoto,R (2406) Johannesburg 2016}) 11... O-O 12. Nf3 Rd8 13. Qc2 Bxf3 (13... Nd7 {looks sharper.} 14. Be2 Nc5 15. O-O Be4 16. Qb2 Bd3) 14. gxf3 Nd7 15. Be2 Ne5 16. O-O Qc6 17. Kg2 Rd5 18. Qe4 Rc8 19. Rfd1 Rxd1 20. Qxc6 Rxc6 21. Bxd1 $14 {[%mdl 4096] Endgame KRB-KRN} Nd3 22. Rb1 Rxc3 23. Rb7 Ra3 24. Rxe7 Rxa2 25. Bb3 Rxf2+ 26. Kg3 {[#] Black must now prevent Bc4.} Rf1 $1 27. f4 g5 {[%cal Rg5f4]} 28. fxg5 {Strongly threatening Bc4.} Kf8 29. Rxa7 Ne5 30. Bd5 Rg1+ 31. Bg2 Kg7 32. h4 h6 33. Kf2 Rc1 34. Ra5 Rc5 35. Rxc5 Nd3+ 36. Kg3 Nxc5 37. gxh6+ Kxh6 $11 {KB-KN} 38. Kg4 Nd3 (38... f5+ $5 39. Kf4 (39. Kxf5 Kh5 $16) 39... Kg6 $16) 39. Bd5 Nf2+ 40. Kf3 Nd1 $2 {[%mdl 8192] [#]} (40... Nd3 $14) 41. e4 $2 (41. Bxf7 $18 {Threatens to win with e4.} Nxe3 42. Kxe3) 41... Nc3 $2 {[%mdl 8192]} (41... Kg6 $11 {and Black has nothing to worry.}) 42. Bxf7 $18 Nxe4 43. Kxe4 {[%mdl 32768] Precision: White = 58%, Black = 55%. . An unexpected result.} 1/2-1/2

[Event "8th HDBank Cup 2018"]
[Site "Hanoi"]
[Date "2018.03.11"]
[Round "3"]
[White "Laxman R.R."]
[Black "Karthikeyan, Murali"]
[Result "0-1"]
[WhiteElo "2457"]
[BlackElo "2592"]
[Annotator "TA"]
[PlyCount "58"]
[EventDate "2018.??.??"]
[EventCountry "VIE"]
[SourceTitle "playchess.com"]
[Source "ChessBase"]
[SourceQuality "1"]

{[%evp 18,58,7,-5,9,0,0,0,20,-15,0,0,0,-11,0,0,0,0,0,0,0,0,0,-100,-104,-106,-103,-162,-156,-162,-149,-169,-176,-176,-195,-172,-178,-287,-302,-324,-243,-755,-737]} 1. d4 Nf6 2. Nf3 e6 3. c3 b6 4. Bf4 Bb7 5. Nbd2 Be7 6. h3 O-O 7. e3 c5 8. Be2 Nc6 9. O-O d5 10. Ne5 {LiveBook: 9 Games. D02: 1 d4 d5 2 Nf3 sidelines, including 2...Nf6 3 g3 and 2...Nf6 3 Bf4} (10. a4 Bd6 11. Bxd6 Qxd6 12. Qb3 Rab8 13. Rfd1 Rfd8 14. Bb5 Ne7 15. Ne5 a6 16. Be2 Nd7 17. Nxd7 Rxd7 {½-½ (63) Seliverstov,V (2464)-Korotylev,A (2573) Moscow 2017}) 10... Qc8 $146 ({Predecessor:} 10... Nxe5 11. Bxe5 Nd7 12. Bg3 {½-½ (12) Mrkonjic,N (2351)-Muse,M (2391) Mali Losinj 2017}) 11. Bb5 a6 12. Bd3 {The position is equal.} b5 13. Bg5 Qc7 14. Nxc6 Qxc6 15. Nf3 Qc7 16. Ne5 Ne4 17. Bf4 Bd6 $36 {[%mdl 2048] Black has good play.} 18. f3 f6 {Strongly threatening ...c4.} 19. fxe4 dxe4 {Threatens to win with ...cxd4.} 20. Bxb5 (20. Qg4 $11 Rae8 21. Bc4 bxc4 22. Nxc4 Bxf4 23. Qxf4) 20... axb5 $17 21. Ng4 Bxf4 22. exf4 (22. Rxf4 $17 Bd5 23. a3) 22... Rfd8 $19 23. Qb3 {[#]} Qb6 $1 24. dxc5 Qxc5+ 25. Kh1 Bd5 26. Qc2 h5 27. Nf2 (27. Nh2 {is a better defense.}) 27... e3 28. Nd3 Qc4 {[#] aiming for ...Be4.} 29. Nb4 $2 (29. b3 Bxg2+ 30. Qxg2 Qxd3 31. Rae1) 29... Be4 {Precision: White = 37%, Black = 63%.} 0-1

[Event "8th HDBank Cup 2018"]
[Site "Hanoi"]
[Date "2018.03.11"]
[Round "3"]
[White "Nguyen Anh Khoi"]
[Black "Bogdanovich, Stanislav"]
[Result "0-1"]
[WhiteElo "2435"]
[BlackElo "2560"]
[Annotator "TA"]
[PlyCount "54"]
[EventDate "2018.??.??"]
[EventCountry "VIE"]
[SourceTitle "playchess.com"]
[Source "ChessBase"]
[SourceQuality "1"]

{[%evp 12,54,29,26,29,21,56,51,138,137,132,131,143,136,143,143,145,133,130,0,0,0,0,0,0,-97,-83,-106,-97,-68,-70,-489,-470,-482,-491,-484,-488,-491,-477,-739,-747,-29990,-29991,-29991,-29992]} 1. d4 d6 2. c4 e5 3. Nc3 Nd7 4. Nf3 Ngf6 5. Bg5 {[%cal Bc1g5,Bg5h4,Bh4g3][%mdl 32]} h6 6. Bh4 g5 7. dxe5 {LiveBook: 4 Games. A54: Old Indian Defence with Nf3, but without e4} dxe5 8. Bg3 e4 $146 ({Predecessor:} 8... Qe7 9. e3 c6 10. Qc2 Bg7 11. Bd3 Nh5 12. Bf5 Nb6 13. Nd2 Bxf5 14. Qxf5 Qd7 15. Qxd7+ Kxd7 {½-½ (78) Shariyazdanov,A (2539)-Varavin,V (2406) Nizhnij Novgorod 1999}) 9. Nd4 {Ndb5 is the strong threat.White is slightly better.} Bb4 (9... Nh5 $1 $14) 10. Qb3 Qe7 11. a3 Nc5 12. Qxb4 a5 13. Qb5+ Bd7 14. Nf5 $1 {[%cal Rf5e7]} Qf8 15. Nd6+ (15. Ng7+ $16 Kd8 16. Rd1) 15... cxd6 $11 16. Qb6 Ra6 $1 $36 {[%cal Ra6b6,Ba8a6,Ba6c6,Bc6c8,Bc8c4][%mdl 2080] Black has good play.} 17. Qc7 {Black must now prevent Nb5.} Rc6 18. Qxa5 (18. Qb8+ $1 $11 Ke7 19. Qxf8+ Rxf8 20. e3) 18... Nb3 $17 19. Qa8+ Rc8 20. Qxb7 Nxa1 21. Nb5 $2 {[%mdl 8192]} (21. e3 $1 $15 Qe7 22. Be2) 21... e3 ({Don't go for} 21... Nc2+ $2 22. Kd1 $18) 22. Nxd6+ {[#]} Qxd6 $3 {[%mdl 512]} 23. Bxd6 Rxc4 {[%cal Rc4c1]} 24. fxe3 {[#] Hoping for Kf2.} Ne4 $1 {[%cal Rc4c1]} 25. Qb8+ (25. Qa8+ $142 Bc8 26. Qxe4+ (26. Kd1 $2 Nb3 $19) 26... Rxe4 27. g3) 25... Rc8 $19 26. Rg1 Rxb8 27. Bxb8 O-O {Precision: White = 44%, Black = 77%.} 0-1

[Event "8th HDBank Cup 2018"]
[Site "Hanoi"]
[Date "2018.03.11"]
[Round "3"]
[White "Li, Yankai"]
[Black "Wang, Hao"]
[Result "0-1"]
[WhiteElo "2434"]
[BlackElo "2713"]
[Annotator "TA"]
[PlyCount "134"]
[EventDate "2018.??.??"]
[EventCountry "VIE"]
[SourceTitle "playchess.com"]
[Source "ChessBase"]
[SourceQuality "1"]

{[%evp 21,134,-29,20,22,16,10,16,14,14,13,26,19,22,16,17,16,16,16,20,16,16,14,18,20,14,2,17,21,25,9,19,15,18,9,15,4,10,0,0,0,22,4,6,4,6,0,7,0,0,0,8,0,0,0,0,0,0,0,0,0,0,0,77,0,0,-6,0,0,0,0,0,0,0,0,0,0,0,0,0,0,0,0,0,-8,-13,-157,-164,-462,-471,-699,-588,-1595,-1451,-1552,-1569,-1537,-622,-1314,-461,-1602,-1490,-1574,-1437,-4627,-4627,-4627,-4622,-29972,-29973,-29977,-29978,-29984,-29985,-29987,-29988]} 1. d4 Nf6 2. c4 e6 3. Nf3 Bb4+ 4. Bd2 a5 5. g3 d5 6. Bg2 dxc4 7. Qc2 {E04: Open Catalan: 5 Nf3} (7. O-O O-O 8. Bg5 h6 9. Bxf6 Qxf6 10. a3 Bd6 11. Nc3 Nc6 12. Rc1 e5 13. d5 Nd4 14. Nxd4 exd4 15. Ne4 {0-1 (66) Ding,L (2777)-Wang,H (2709) Huaian 2017}) 7... Bxd2+ 8. Qxd2 c6 9. a4 Ne4 10. Qc2 Nd6 11. Ne5 Na6 {LiveBook: 4 Games} 12. O-O Nb4 13. Qc3 O-O 14. Na3 Nd5 $146 ({Predecessor:} 14... f6 15. Nexc4 {0-1 (64) Cernousek,L (2438)-Zygouris,H (2205) Caleta 2012}) 15. Qd2 Nb6 16. Rfc1 {[%cal Re5c4]} Nxa4 17. Naxc4 Nxc4 18. Nxc4 Nb6 {[%cal Ba4b6,Bb6c4,Bc4e5,Be5g4][%mdl 32]} 19. Nxa5 e5 20. Nb3 Rxa1 21. Rxa1 Re8 22. e3 g6 23. dxe5 Nc4 24. Qc3 Nxe5 25. Nd4 Qf6 26. Ra8 Ng4 27. Bf3 {Black must now prevent Bxg4.} h5 28. h4 Ne5 29. Bg2 Ng4 30. Bf3 Qe5 31. Bxg4 hxg4 32. b4 Bd7 33. Ra5 (33. Rxe8+ {keeps more tension.} Qxe8 34. Qa1 Bf5 35. Nxf5 gxf5 36. Kh2) 33... Qd6 34. Qc5 (34. Qc4 {with more complications.} b6 35. Ra6 Rb8 36. Kh2 Qf6 37. Ra2) 34... Qxc5 35. bxc5 $11 {[%mdl 4096] Endgame KRB-KRN} Kf8 36. Kf1 Re5 37. Ra8+ Ke7 38. Nb3 Be6 39. Ra7 Bc8 40. Ke2 Kd8 41. Ra5 g5 (41... Be6 $11 42. Nd4 Bd7) 42. hxg5 (42. h5 $16) 42... Rxg5 43. Nd4 Rh5 44. e4 Re5 45. Ke3 f5 46. Nxf5 Bxf5 47. Kf4 Rxe4+ 48. Kxf5 {KR-KR} Rc4 49. Ra8+ Kc7 50. Re8 Rxc5+ 51. Kxg4 b5 52. Re4 Rc1 {White should prevent ...c5.} 53. Kf3 (53. f4 $11 {remains equal.}) 53... c5 $1 $17 54. Ke3 $2 {[#]} (54. Ke2) 54... Rd1 $1 $19 55. Re7+ (55. Rh4 $142 b4 56. Ke2) 55... Kb6 {aiming for ...Re1+.} 56. Ke2 {[#]} Rd8 $1 57. Re6+ Ka5 58. Rc6 c4 59. f4 Rf8 (59... Kb4 $142 60. g4 Kc3) 60. Kf3 (60. g4 $142 Rxf4 61. g5) 60... Kb4 61. g4 Kc3 62. Rb6 b4 {[%cal Bb5b4,Bb4b3][%mdl 32]} 63. g5 b3 64. g6 Kb2 {Black mates.} 65. Rc6 c3 66. Ke4 c2 67. f5 c1=Q {Precision: White = 38%, Black = 75%.} 0-1

[Event "8th HDBank Cup 2018"]
[Site "Hanoi"]
[Date "2018.03.11"]
[Round "3"]
[White "Pascua, Haridas"]
[Black "Mareco, Sandro"]
[Result "1/2-1/2"]
[WhiteElo "2431"]
[BlackElo "2635"]
[Annotator "TA"]
[PlyCount "58"]
[EventDate "2018.??.??"]
[EventCountry "VIE"]
[SourceTitle "playchess.com"]
[Source "ChessBase"]
[SourceQuality "1"]

{[%evp 15,58,40,35,10,19,28,21,10,25,19,34,0,35,26,20,22,26,33,24,12,48,30,53,53,39,37,47,31,22,12,20,12,8,0,0,0,0,0,6,0,7,0,0,-2,0]} 1. d4 Nf6 2. c4 e6 3. Nf3 b6 4. g3 Ba6 5. b3 d5 6. Nbd2 {E15: Queen's Indian: 4 g3 sidelines, 4 g3 Ba6 and 4 g3 Bb7 early deviations} Bd6 7. Bg2 Bb7 8. O-O O-O {LiveBook: 3 Games} 9. Qc2 $146 ({Predecessor:} 9. e4 dxe4 10. Ng5 Nbd7 11. Ndxe4 Nxe4 12. Nxe4 Be7 13. Nf6+ Bxf6 14. Bxb7 Rb8 15. Bc6 Nc5 {1-0 (27) Eljanov,P (2658)-Pedersen,N (2510) Fuegen 2006}) 9... Re8 10. Bb2 Na6 11. Rac1 Qe7 12. Rfd1 Rad8 13. Qb1 h6 14. Ne5 c5 15. e3 cxd4 16. Bxd4 Ba3 17. Bb2 Bc5 18. Qa1 Ba3 19. Bxa3 Qxa3 20. cxd5 Nxd5 21. Ndc4 Qe7 22. a3 {The position is equal.} Nc5 23. Qb1 Qc7 24. Nd3 (24. b4 {is more complex.} Na4 25. Qc2 Nac3 26. Re1 f6 27. e4) 24... Nxd3 25. Rxd3 {e4 is the strong threat.} b5 26. Nd2 Qe7 27. b4 Nb6 28. Bxb7 Qxb7 29. Rd1 Qc7 {Precision: White = 61%, Black = 55%.} 1/2-1/2

[Event "8th HDBank Cup 2018"]
[Site "Hanoi"]
[Date "2018.03.11"]
[Round "3"]
[White "Diu Viacheslav"]
[Black "Nguyen Ngoc Truong Son"]
[Result "1/2-1/2"]
[WhiteElo "2426"]
[BlackElo "2630"]
[Annotator "TA"]
[PlyCount "62"]
[EventDate "2018.??.??"]
[EventCountry "VIE"]
[SourceTitle "playchess.com"]
[Source "ChessBase"]
[SourceQuality "1"]

{[%evp 47,62,3,7,14,14,16,16,0,0,0,0,0,0,0,0,0,0]} 1. e4 c6 2. d4 d5 3. exd5 cxd5 4. c4 Nf6 5. Nc3 Nc6 6. Nf3 Bg4 7. cxd5 Nxd5 8. Qb3 Bxf3 9. gxf3 e6 10. Qxb7 Nxd4 11. Bb5+ Nxb5 12. Qc6+ Ke7 13. Qxb5 Qd7 14. Nxd5+ Qxd5 15. Bg5+ f6 16. Qxd5 exd5 17. Be3 Ke6 18. O-O-O Bb4 19. a3 Rhc8+ 20. Kb1 {B13: Caro-Kann: Exchange Variation and Panov-Botvinnik Attack} Bc5 21. Rhe1 {[%cal Bh1e1,Be1e3,Be3e7,Be7g7][%mdl 32]} Bxe3 22. Rxe3+ Kd6 23. Rde1 Rc4 24. Re7 $11 {[%mdl 4096] Endgame KRR-KRR} (24. h3 Rd8 25. Re6+ Kc7 26. Rc1 Rd6 {½-½ (38) Ivanchuk,V (2779)-Giri,A (2690) Monte Carlo 2011}) 24... Rf4 {LiveBook: 5 Games. The position is equal.} 25. R1e6+ Kc5 26. Rxg7 Rxf3 27. Rxh7 Rxf2 {[#]} 28. Rf7 $146 Rb8 29. b4+ Kc4 30. Rexf6 Rxf6 31. Rxf6 Rh8 1/2-1/2

[Event "8th HDBank Cup 2018"]
[Site "Hanoi"]
[Date "2018.03.11"]
[Round "3"]
[White "Raghunandan, Kaumandur Srihari"]
[Black "Wen Yang"]
[Result "1/2-1/2"]
[WhiteElo "2412"]
[BlackElo "2608"]
[Annotator "TA"]
[PlyCount "210"]
[EventDate "2018.??.??"]
[EventCountry "VIE"]
[SourceTitle "playchess.com"]
[Source "ChessBase"]
[SourceQuality "1"]

{[%evp 15,210,31,52,36,53,36,34,31,39,33,64,56,77,59,93,67,90,75,91,75,91,70,69,65,88,92,111,116,135,133,100,122,117,92,123,143,146,146,135,138,120,123,119,88,76,68,80,63,95,99,102,103,104,92,68,82,74,7,94,0,0,0,0,0,0,-45,-50,-72,-57,-50,0,0,0,0,0,-10,-9,-27,-8,-12,-21,-71,-20,-31,-17,-17,-14,-62,-57,-61,-51,-67,-34,-56,0,-68,0,-54,0,-63,-36,-37,-37,-37,-37,-90,-21,-37,-18,-18,0,-38,-13,-20,-18,-22,-11,-11,0,-29,-14,-14,-14,-14,-14,-29,-29,-30,-11,-12,-11,-11,-11,-78,-11,-12,-11,-35,-35,-35,-35,-35,-35,-35,-6,-56,-8,-8,-8,-8,-8,-8,0,0,0,0,0,0,0,0,0,0,0,0,0,0,0,0,0,0,0,0,0,0,0,0,0,0,0,0,0,0,0,0,0,0,0,0,0,0,0,0,0,0,0,0,0]} 1. d4 d6 2. e4 {[%cal Be2e4,Be4e5][%mdl 32]} Nf6 3. Nc3 g6 4. Be3 a6 5. h3 Bg7 6. Nf3 {B07: Pirc Defence: Miscellaneous Systems} b5 (6... O-O 7. a4 Nc6 8. Be2 e6 9. O-O b6 10. d5 exd5 11. exd5 Ne7 12. Bc4 Bb7 13. Qd2 Nf5 14. Bf4 Qd7 15. Rfe1 Rfe8 16. Rxe8+ Rxe8 17. Re1 Rxe1+ 18. Qxe1 {½-½ (63) Caruana,F (2799)-Grischuk,A (2782) Saint Louis 2017}) 7. e5 Nfd7 8. Ng5 Nb6 {LiveBook: 4 Games} 9. Bd3 h6 $146 ({Find the theoretical novelty and annotate with similar games:} 9... O-O 10. e6 Bxe6 11. Nxe6 fxe6 12. h4 Nc4 13. Bxc4 bxc4 {1-0 (100) Sikorsky,R (2372)-Vecek,M (2218) ICCF email 2012}) 10. Nf3 e6 11. O-O Bb7 12. a4 b4 13. Ne4 Nd5 14. Bd2 Nc6 {[%cal Rd6e5]} 15. Re1 Ra7 16. Ng3 a5 17. Qc1 Nde7 18. Bb5 Kf8 19. c3 bxc3 20. bxc3 Nb8 21. Ne4 Nd7 22. exd6 cxd6 23. Nxd6 Bxf3 24. gxf3 Nf6 25. Qa3 Kg8 26. c4 Bf8 27. Qc5 Ra8 28. Qe5 {aiming for Bxa5.} Nc6 29. Bxc6 Bxd6 30. Qe2 Rc8 31. d5 exd5 32. cxd5 Kh7 33. Rab1 Nh5 34. Rb7 Rc7 35. Rxc7 $1 Qxc7 36. Rb1 (36. Qe4 $16) 36... Bc5 {[#]} (36... Rb8 $1 $11 37. Rb5 Qc8) 37. Kg2 (37. f4 $1 $16 Rb8 38. Rxb8 Qxb8 39. Qb5) 37... Nf4+ $11 38. Bxf4 $1 Qxf4 39. Rb7 Rf8 40. Qc2 Bd6 {[%mdl 1024] Black has compensation.} 41. Qe4 {Black should prevent Qxf4.} Qh2+ 42. Kf1 Bb4 {( -> ...Qh1+)} 43. Ke2 Bc5 44. Qh4 Qg1 45. Qg3 Qc1 {White must now prevent ...Qc4+.} 46. f4 Qc4+ 47. Kf3 Qf1 $36 {[%mdl 2048] Black is more active.} 48. Rb5 Qh1+ ({Black should try} 48... Bd6 $17 49. Rb7 h5) 49. Ke2 $1 Qe4+ 50. Kf1 Bd6 51. Qe3 Qxa4 52. Kg2 Qa1 53. Qe4 Qc3 54. Qe3 Qa1 55. Qe4 $1 Qc3 56. Qe3 Qa1 57. Qe4 $1 a4 58. Rb1 Qf6 {Strongly threatening ...a3.} 59. Bxa4 Bxf4 60. Bc6 (60. Rb4 $15 Bd6 61. Rb6) 60... Bd6 (60... Rb8 $17) 61. Rb3 Qg5+ 62. Qg4 Qf6 63. Qe4 Bc5 64. Rf3 Qg5+ 65. Qg4 Qe7 66. Qd7 Qg5+ 67. Qg4 Qd2 68. Qf4 Qxf4 69. Rxf4 {[%mdl 4096] Endgame KRB-KRB} Kg7 70. Rc4 Bd6 71. Bb7 Rb8 72. Rc6 Rxb7 73. Rxd6 {KR-KR} Rb3 74. Ra6 (74. h4 $11 {keeps the balance.}) 74... Rd3 (74... Rb5 $17) 75. Ra5 Kf6 76. Ra6+ Ke5 77. Ra7 f6 78. Re7+ Kf5 79. Rd7 h5 80. Rd8 Ke5 81. Rg8 {The position is equal.} g5 {[#] Threatens to win with ...h4.} 82. h4 $1 {[%mdl 512]} g4 (82... gxh4 83. Rh8) 83. Rh8 Kf4 84. Rxh5 Rd2 {...g3 is the strong threat.} 85. Rh6 f5 {And now ...g3 would win.} 86. Rg6 Rxd5 87. Ra6 Rd3 88. Ra4+ Ke5 89. Ra5+ Kf6 90. Ra6+ Kf7 91. h5 Rh3 92. h6 f4 {[%cal Bf5f4,Bf4f3][%mdl 32]} 93. Ra4 f3+ 94. Kg1 Rh4 95. Ra6 $1 Kg8 96. Rg6+ Kh7 97. Rg7+ Kxh6 98. Rg8 Kh7 99. Rg5 $1 Kh6 100. Rg8 Kh5 101. Rg7 $1 Rh3 102. Rh7+ Kg5 103. Rxh3 $1 gxh3 104. Kh2 Kg4 105. Kh1 Kh4 {Precision: White = 70%, Black = 53%.} 1/2-1/2